<?xml version="1.0" encoding="UTF-8"?>
<record
    xmlns:xsi="http://www.w3.org/2001/XMLSchema-instance"
    xsi:schemaLocation="http://www.loc.gov/MARC21/slim http://www.loc.gov/standards/marcxml/schema/MARC21slim.xsd"
    xmlns="http://www.loc.gov/MARC21/slim">

  <leader>01221nam a2200265 a 4500</leader>
  <controlfield tag="001">71201</controlfield>
  <controlfield tag="003">BD-RjUL</controlfield>
  <controlfield tag="005">20211209082104.0</controlfield>
  <controlfield tag="008">170429s1972    ii a|||| |||| 001 0 ben d</controlfield>
  <datafield tag="020" ind1=" " ind2=" ">
    <subfield code="c">: TK. 10.00</subfield>
  </datafield>
  <datafield tag="035" ind1=" " ind2=" ">
    <subfield code="a">(BD-RjUL)71416</subfield>
  </datafield>
  <datafield tag="040" ind1=" " ind2=" ">
    <subfield code="a">BD-RjUL</subfield>
    <subfield code="b">ben</subfield>
    <subfield code="c">BD-RjUL</subfield>
    <subfield code="d">BD-RjUL</subfield>
  </datafield>
  <datafield tag="041" ind1=" " ind2=" ">
    <subfield code="a">ben</subfield>
  </datafield>
  <datafield tag="082" ind1=" " ind2=" ">
    <subfield code="2">23</subfield>
    <subfield code="a">621.3</subfield>
    <subfield code="b">GOA 1972</subfield>
  </datafield>
  <datafield tag="100" ind1=" " ind2=" ">
    <subfield code="a">&#x997;&#x999;&#x9CD;&#x997;&#x9CB;&#x9AA;&#x9BE;&#x9A7;&#x9CD;&#x9AF;&#x9BE;&#x9AF;&#x9BC;, &#x9B6;&#x9BF;&#x9AC;&#x9AA;&#x9CD;&#x9B0;&#x9B8;&#x9BE;&#x9A6; </subfield>
    <subfield code="9">163704</subfield>
  </datafield>
  <datafield tag="245" ind1=" " ind2=" ">
    <subfield code="a">&#x98F;. &#x9B8;&#x9BF;. &#x9AE;&#x9C7;&#x9B8;&#x9BF;&#x9A8; :</subfield>
    <subfield code="b">[ &#x9AA;&#x9B6;&#x9CD;&#x99A;&#x9BF;&#x9AE;&#x9AC;&#x999;&#x9CD;&#x997; &#x9B8;&#x9B0;&#x995;&#x9BE;&#x9B0;&#x9C7;&#x9B0; &#x987;&#x9B2;&#x9C7;&#x995;&#x9CD;&#x200C;&#x99F;&#x9CD;&#x99F;&#x9BF;&#x995;&#x9CD;&#x9AF;&#x9BE;&#x9B2;......] /</subfield>
    <subfield code="c">&#x9B6;&#x9BF;&#x9AC;&#x9AA;&#x9CD;&#x9B0;&#x9B8;&#x9BE;&#x9A6; &#x997;&#x999;&#x9CD;&#x997;&#x9CB;&#x9AA;&#x9BE;&#x9A7;&#x9CD;&#x9AF;&#x9BE;&#x9AF;&#x9BC;; &#x9B8;&#x9C1;&#x9A7;&#x9BE;&#x982;&#x9B6;&#x9C1; &#x9B8;&#x9AE;&#x9BE;&#x9A6;&#x9CD;&#x9A6;&#x9BE;&#x9B0;</subfield>
  </datafield>
  <datafield tag="260" ind1=" " ind2=" ">
    <subfield code="a">&#x995;&#x9B2;&#x9BF;&#x995;&#x9BE;&#x9A4;&#x9BE; :</subfield>
    <subfield code="b">&#x9A8;&#x9BF;&#x989; &#x9B8;&#x9C7;&#x9A8;&#x9CD;&#x99F;&#x9CD;&#x9B0;&#x9BE;&#x9B2; &#x9AC;&#x9C1;&#x995; &#x98F;&#x99C;&#x9C7;&#x9A8;&#x9CD;&#x9B8;&#x9C0;,</subfield>
    <subfield code="c">&#x9E7;&#x9EF;&#x9ED;&#x9E8;.</subfield>
  </datafield>
  <datafield tag="300" ind1=" " ind2=" ">
    <subfield code="a">&#x996;&#x9A8;&#x9CD;&#x9A1;. :</subfield>
    <subfield code="b">&#x99A;&#x9BF;&#x9A4;&#x9CD;&#x9B0;. ;</subfield>
    <subfield code="c">&#x9E8;&#x9E8; &#x9B8;&#x9C7;&#x9AE;&#x9BF;.</subfield>
  </datafield>
  <datafield tag="500" ind1=" " ind2=" ">
    <subfield code="a">&#x9A8;&#x9BF;&#x9B0;&#x9CD;&#x998;&#x9A8;&#x9CD;&#x99F; &#x9B8;&#x982;&#x9AF;&#x9C1;&#x995;&#x9CD;&#x9A4;.</subfield>
  </datafield>
  <datafield tag="505" ind1=" " ind2=" ">
    <subfield code="a">&#x996;&#x9A8;&#x9CD;&#x9A1;.-&#x9E7;--</subfield>
  </datafield>
  <datafield tag="650" ind1=" " ind2=" ">
    <subfield code="a">&#x9AC;&#x9C8;&#x9A6;&#x9CD;&#x9AF;&#x9C1;&#x9A4;&#x9BF;&#x995;, &#x99A;&#x9CC;&#x9AE;&#x9CD;&#x9AC;&#x995;</subfield>
    <subfield code="9">210653</subfield>
  </datafield>
  <datafield tag="650" ind1=" " ind2=" ">
    <subfield code="a">Electrical, Magnetic</subfield>
    <subfield code="9">210654</subfield>
  </datafield>
  <datafield tag="700" ind1=" " ind2=" ">
    <subfield code="a">&#x9B8;&#x9AE;&#x9BE;&#x9A6;&#x9CD;&#x9A6;&#x9BE;&#x9B0;, &#x9B8;&#x9C1;&#x9A7;&#x9BE;&#x982;&#x9B6;&#x9C1; </subfield>
    <subfield code="9">163706</subfield>
  </datafield>
  <datafield tag="942" ind1=" " ind2=" ">
    <subfield code="2">ddc</subfield>
    <subfield code="c">BK</subfield>
  </datafield>
  <datafield tag="999" ind1=" " ind2=" ">
    <subfield code="c">71201</subfield>
    <subfield code="d">71201</subfield>
  </datafield>
  <datafield tag="952" ind1=" " ind2=" ">
    <subfield code="0">0</subfield>
    <subfield code="1">0</subfield>
    <subfield code="2">ddc</subfield>
    <subfield code="4">0</subfield>
    <subfield code="7">1</subfield>
    <subfield code="8">NFIC</subfield>
    <subfield code="a">RUCL</subfield>
    <subfield code="b">RUCL</subfield>
    <subfield code="c">Reading</subfield>
    <subfield code="d">2021-12-09</subfield>
    <subfield code="e">Aligarh Library, Rajshahi</subfield>
    <subfield code="g">25.00</subfield>
    <subfield code="l">0</subfield>
    <subfield code="o">B 621.3 GOA V-1 1972</subfield>
    <subfield code="r">2017-04-29 00:00:00</subfield>
    <subfield code="t">C-1</subfield>
    <subfield code="w">2017-04-29</subfield>
    <subfield code="y">BK</subfield>
  </datafield>
</record>
